Statistics for naruto & boruto characters

Click here to take the quiz!

General Stats

  • This quiz has been taken 416 times
  • The average score is 84 of 168

Answer Stats

HintAnswer% Correct
KonohaNaruto
99%
KonohaSakura
97%
KonohaSasuke
97%
KumoA
96%
KonohaKakashi
96%
KonohaGai
94%
KonohaHinata
94%
KonohaIno
94%
KonohaChoji
93%
KonohaShikamaru
93%
AkatsukiObito
92%
KonohaRock Lee
91%
KonohaShin
90%
KonohaTsunade
90%
KonohaKiba
89%
KonohaBoruto
88%
KonohaNeji
88%
KonohaTenten
88%
KonohaAsuma
87%
KonohaMinato
87%
OtoOrochimaru
87%
KonohaSai
87%
AkatsukiItachi
86%
SunaGaara
85%
KonohaHashirama
85%
KonohaKurenai
85%
KonohaShino
85%
KonohaTobirama
84%
AkatsukiMadara
83%
KonohaSarada
83%
KonohaHiruzen
82%
AkatsukiNagato
82%
SunaTemari
82%
OtoKin
81%
KonohaYamato
81%
KonohaKonohamaru
80%
AkatsukiDeidara
79%
AkatsukiKisame
78%
AkatsukiKonan
78%
KonohaJiraiya
77%
KonohaKushina
77%
TakaKarin
76%
AkatsukiSasori
76%
SunaKankuro
75%
AkatsukiHidan
73%
OtoKabuto
71%
AkatsukiKakuzu
71%
TakaSuigetsu
71%
TakaJugo
70%
KumoKiller Bee
70%
KonohaMitsuki
70%
KonohaShikadai
68%
AkatsukiYahiko
68%
AkatsukiZetsu
68%
IwaHan
67%
KonohaChocho
64%
KonohaDan
64%
KonohaInojin
62%
KonohaDanzo
59%
KonohaShikaku
59%
KonohaAnko
58%
KonohaHimawari
58%
No AffiliationKaguya
58%
KonohaMoegi
58%
KonohaUdon
58%
KonohaHana
57%
KonohaIruka
57%
KonohaHanabi
55%
KonohaInoichi
55%
KiriZabuza
55%
SunaChiyo
54%
KonohaFugaku
54%
KiriHaku
54%
SunaBaki
53%
KonohaChoza
53%
KiriMei
52%
KonohaRin
52%
KonohaShisui
52%
KumoDarui
50%
KonohaMetal Lee
49%
IwaOnoki
49%
KiriAo
48%
No AffiliationMomoshiki
48%
SunaEbizô
46%
No AffiliationHagoromo
46%
KonohaIbiki
46%
KonohaEbisu
45%
OtoKimimaro
45%
KonohaMito
45%
KonohaShizune
45%
KonohaDenki
43%
No AffiliationIndra
43%
KumoKarui
43%
KonohaHiashi
42%
KonohaIwabe
42%
KonohaMikoto
42%
OtoSakon
42%
OtoTayuya
42%
KiriChojuro
41%
KonohaSumire
41%
TakiFuu
40%
KonohaHayate
40%
KonohaHizashi
40%
SunaRasa
40%
OtoUkon
40%
KiriYagura
40%
KonohaGenma
39%
OtoJirobo
39%
No AffiliationKawaki
39%
No AffiliationAsura
38%
AmeHanzo
38%
KumoOmoi
38%
No AffiliationIzuna
36%
KiriUtakata
35%
IwaRoshi
34%
KumoYugito
34%
IwaKurotsuchi
33%
KonohaWasabi
33%
No AffiliationHamura
32%
SunaShinki
31%
No AffiliationKinshiki
30%
IwaAkatsuchi
29%
KonohaNamida
29%
KonohaNawaki
29%
KumoSamui
29%
KonohaAoba
28%
KonohaMirai
27%
OtoDosu
25%
IronMifune
25%
KonohaMizuki
25%
KonohaSakumo
25%
KiriKagura
24%
No AffiliationUrashiki
24%
KonohaKotetsu
22%
No AffililationToneri
22%
OtoKidomaro
21%
OtoZaku
20%
KumoKinkaku
19%
KumoGinkaku
18%
KonohaIzumi
18%
KonohaTsume
18%
KonohaBiwako
17%
KonohaIzumo
17%
KonohaKoharu
16%
KonohaDai
15%
KonohaHomura
15%
KiriMangetsu
15%
KonohaRaido
14%
KonohaTeuchi
14%
KonohaYugao
14%
KonohaAyame
13%
KonohaKagami
13%
SunaYashamaru
13%
NamiInari
12%
SunaKarura
12%
SunaYodo
12%
SunaAraya
11%
KonohaKizashi
11%
KonohaMebuki
11%
NamiTazuna
11%
NamiTsunami
11%
KumoAtsui
10%
NamiGato
10%
OtoLog
9%
KiriRaiga
9%
KonohaKatasuke
8%
KonohaShinko
6%
KonohaTenma
6%

Score Distribution

Percentile by Number Answered

Percent of People with Each Score

Your Score History

You have not taken this quiz